Catálogo
 En Linea

El humor verbal y visual de la Codorniz / (Registro nro. 41193)

Detalles MARC
000 -CABECERA
campo de control de longitud fija 00734nam a2200205 a 4500
001 - NÚMERO DE CONTROL
campo de control 000041704
005 - FECHA Y HORA DE LA ÚLTIMA TRANSACCIÓN
campo de control 20201002035716.0
008 - DATOS DE LONGITUD FIJA--INFORMACIÓN GENERAL
campo de control de longitud fija 131016s2003 sp a 000 0 spa d
020 ## - NÚMERO INTERNACIONAL ESTÁNDAR DEL LIBRO
Número Internacional Estándar del Libro 8400081420
040 ## - FUENTE DE LA CATALOGACIÓN
Centro catalogador/agencia de origen DO-SdBNP
Lengua de catalogación spa
Centro/agencia transcriptor BNPHU
082 ## - NÚMERO DE LA CLASIFICACIÓN DECIMAL DEWEY
Número de clasificación xxx
Número de documento/Ítem L791h
100 1# - ENTRADA PRINCIPAL--NOMBRE DE PERSONA
Nombre de persona Llera, José Antonio
9 (RLIN) 68521
245 13 - MENCIÓN DE TÍTULO
Título El humor verbal y visual de la Codorniz /
Mención de responsabilidad, etc. José Antonio Llera.
260 ## - PUBLICACIÓN, DISTRIBUCIÓN, ETC.
Lugar de publicación, distribución, etc. Madrid :
Nombre del editor, distribuidor, etc. Consejo Superior de Investigaciones Científicas,
Fecha de publicación, distribución, etc. 2003.
300 ## - DESCRIPCIÓN FÍSICA
Extensión 447 p. :
Otras características físicas il. ;
Dimensiones 24 cm.
490 1# - MENCIÓN DE SERIE
Mención de serie Anejos de Revista de literatura
Designación de volumen o secuencia 58
500 ## - NOTA GENERAL
Nota general Incluye referencias bibliográficas y notas al pie de las páginas.
504 ## - NOTA DE BIBLIOGRAFÍA, ETC.
Nota de bibliografía, etc. Bibliografía: p. 397-433
830 #0 - PUNTO DE ACCESO ADICIONAL DE SERIE-TÍTULO UNIFORME
Título uniforme Anejos de Revista de literatura
Número de parte o sección de la obra 58
9 (RLIN) 68522
Existencias
Estado de retiro Estado de pérdida Restricciones de uso No para préstamo Código de colección Localización permanente Ubicación/localización actual Ubicación en estantería Fecha de adquisición Número de inventario Total de préstamos Signatura topográfica completa Código de barras Fecha visto por última vez Precio válido a partir de Tipo de ítem Koha
      Excluido de préstamo Monografías: Libros y Folletos General General En catalogación 16.10.2013 LF1   xxx L791h 41704-10 25.06.2020 25.06.2020 No se presta

Con tecnología Koha